Wortgemisch - Deutsche Lieder #2 - Statistiken

Allgemein
  • Dieses Quiz wurde 1.434 mal gespielt
  • Das Durchschnittsergebnis liegt bei 12 aus 15
Antwortstatistiken
Hint Antwort % Korrekt
eDi fektrepe elWel Die perfekte Welle
96%
eiS sti ewg Sie ist weg
95%
cosDi gooP Disco Pogo
88%
hIc bele Ich lebe
88%
reideL egil Leider geil
87%
ngLibemeilschn Lieblingsmensch
87%
uchDr ned usnoMn Durch den Monsun
85%
uD ärgtst ineek eeLib ni rid Du trägst keine Liebe in dir
85%
Aeilnl lnlieA Allein Allein
82%
knaDeml Denkmal
79%
omV nebles nreSt Vom selben Stern
79%
amaEunel Emanuela
75%
nEi tetB mi leKfonrd Ein Bett im Kornfeld
74%
ssenreVmi Vermissen
66%
stJeneis nvo nEde Jenseits von Eden
65%
Keine übereinstimmenden Quizze gefunden
Verteilung der Resultate
Anzahl Personen mit jedem Resultat
Perzentil nach korrekt beantworteten Fragen
Ihre Resultats-Entwicklung
Sie haben dieses Quiz noch nicht gespielt